000 nam a22 7a 4500
999 _c8462
_d8462
008 180116b ||||| |||| 00| 0 eng d
100 _94860
_aJAISWAL.R
245 _aMATHEMATICS WORK BOOK -4
260 _aMEERAT
_bARIHANT
_c2015